|
|
|
|
| LEADER |
01484nam a22003374a 4500 |
| 001 |
27316 |
| 005 |
20150206104856.0 |
| 008 |
130804t20051997enkab b 101 0 eng |
| 010 |
|
|
|a 2004015405
|
| 020 |
|
|
|a 0754643921 (alk. paper)
|
| 040 |
|
|
|a DLC
|c DLC
|d DLC
|d BD-DhAAL
|
| 050 |
0 |
0 |
|a HT166
|b .U727 2005
|
| 082 |
0 |
0 |
|a 307.1/216
|2 22
|
| 999 |
|
|
|c 13828
|d 13828
|
| 999 |
|
|
|c 13828
|
| 245 |
0 |
0 |
|a Urban environmental planning :
|b policies, instruments, and methods in an international perspective /
|c edited by Donald Miller, Gert de Roo.
|
| 260 |
|
|
|a Aldershot, Hants, England ;
|a Burlington, VT :
|b Ashgate,
|c c2005.
|
| 300 |
|
|
|a xiv, 293 p. :
|b ill., maps ;
|c 24 cm.
|
| 440 |
|
0 |
|a Urban planning and environment
|9 2580
|
| 500 |
|
|
|a "Fully revised and updated" -- p. [4] cover.
|
| 500 |
|
|
|a "Papers presented at an international symposium on urban planning and environment, held in Seattle, USA, in March 1994"--Introd.
|
| 504 |
|
|
|a Includes bibliographical references and index.
|
| 541 |
|
|
|e 27316
|
| 650 |
|
0 |
|a City planning
|x Environmental aspects.
|9 1752
|
| 650 |
|
0 |
|a Land use, Urban
|x Environmental aspects.
|9 2581
|
| 650 |
|
0 |
|a Urban ecology (Sociology)
|9 2582
|
| 650 |
|
0 |
|a Environmental planning.
|9 2583
|
| 700 |
1 |
|
|a Miller, Donald,
|d 1936-
|9 2584
|
| 700 |
1 |
|
|a Roo, Gert de.
|9 2585
|
| 942 |
|
|
|2 ddc
|c BK
|
| 952 |
|
|
|0 0
|1 0
|2 ddc
|4 0
|6 307_121600000000000_URB
|7 0
|9 23136
|a IGS
|b IGS
|c GEN
|d 2013-08-05
|e Karim International
|g 6760.00
|l 0
|o 307.1216 URB
|p 3010027316
|r 2013-08-05
|t 1
|w 2013-08-05
|y BK
|